Normal view
MARC view
- إدارة الموارد البشرية
Entry Topical Term
001 - CONTROL NUMBER
- control field: 58078
003 - CONTROL NUMBER IDENTIFIER
- control field: JO-AjAnu
005 - DATE AND TIME OF LATEST TRANSACTION
- control field: 20230606083515.0
008 - FIXED-LENGTH DATA ELEMENTS
- fixed length control field: 230606|| aca||aabn | a|a d
040 ## - CATALOGING SOURCE
- Original cataloging agency: JO-AjAnu
- Transcribing agency: JO-AjAnu
150 ## - HEADING--TOPICAL TERM
- Topical term or geographic name entry element: إدارة الموارد البشرية
670 ## - SOURCE DATA FOUND
- Source citation: Work cat.: (JO-AjAnu)29630: الشرعة، عطالله "محمد تيسير"، م. مشارك غالب محمد سنجق , author 58077, إدارة الموارد البشرية: الإتجاهات الحديثة وتحديات الألفية الثالثة = Human Resources Management Recent Trends And The Third Millennium Challenges